| 000 | 00743cam a2200229 a 4500 | ||
|---|---|---|---|
| 001 | 2562432 | ||
| 005 | 20180307032412.0 | ||
| 008 | 951018s1996 ilua b 001 0 eng | ||
| 010 | _a 95045171 | ||
| 020 | _a0786305452 | ||
| 040 |
_aDLC _cDLC _dDLC |
||
| 041 | _aeng | ||
| 080 | _a658.049 RHI | ||
| 082 | 0 | 0 |
_a658.049 RHI _220 |
| 100 | 1 | _a59 | |
| 101 | _aGLO | ||
| 245 | 1 | 2 |
_aA manager's guide to globalization : _cStephen H. Rhinesmith. |
| 504 | _aIncludes bibliographical references and index. | ||
| 906 |
_a7 _bcbc _corignew _d1 _eocip _f19 _gy-gencatlg |
||
| 942 |
_2ddc _cBK |
||
| 999 |
_c44241 _d44241 |
||